00720nam a2200217 a 450000100060000000300080000600500170001400800410003103500190007203500190009104000290011004100080013908200240014710000300017124500650020126000570026630000210032350001030034465000250044770000300047242746BD-RjUL20211209053603.0160615r19641957uk 001 0 eng  a(BD-RjUL)42864 a(OCoLC)1611291 aDLCcFJUNFdBD-RjULbeng aeng a338.9223bMYE 19591 aMyrdal, Gunnard1898-198710aEconomic theory and under-developed regions /cGunnar Myrdal aLondon :bG. Duckworth,cc1957 [reprinted 1957-1964] a167 p. ;c23 cm. aA revision of the author's Development and under-development, published in 1956 and includes index 0aEconomic development1 aMyrdal, Gunnard1898-1987